000
00275nam a2200121Ia 4500
005
20260328101518.0
008
260328s9999||||xx |||||||||||||| ||und||
245
0
_a
Bergame :
_b
Et son territoire /
260
_b
Bolis
300
_a
70 p.
650
_a
EDAD MODERNA
942
_c
BK
999
_c
9452
_d
9452